Quizzes
Events
Quiz Creation
Community
Videos
Private Events
Remove Ads
Sign In
Join for FREE
Feedback
Dark Mode
Quiz Categories
Sports
Geography
Music
Movies
Television
Just For Fun
Miscellaneous
History
Literature
Language
Science
Gaming
Entertainment
Religion
Holiday
For Kids
Quiz Lab
Recent
Popular Today
Quiz Kudos Today
Editor Picks
Curator Picks
Quizzes by...
Day
Popularity
Type
Ratings
Length
Year
Community
Subscriptions
Recent Discussions
Orange Saloon
Badges
Playlists
Quests
Create
Leaderboards
Showdown
Live 5
Trivia Bingo
Activity
Puzzle Library
Sporcle Events
Private Events
Virtual Trivia
Globe League
Become a Host
Pub Owners
SporcleCon
Opinionation
Our Games
Videos
Blog
Mobile Apps
Partnerships
Remove Ads and Go Orange
Feedback
Sports
Athletes
MLB
NBA
NHL
NFL
Soccer
Sports Teams
WWE
NCAA
Football
Premier League
Basketball
Baseball
Hockey
Golf
Tennis
Cricket
Rugby
Auto Racing
Olympics
World Cup
Sports
Athletes
MLB
NBA
NHL
NFL
Soccer
Sports Teams
WWE
NCAA
Football
Premier League
Basketball
Baseball
Hockey
Golf
Tennis
Cricket
Rugby
Auto Racing
Olympics
World Cup
Random Quiz
Search Sporcle
×
Quiz Lab
Quiz Lab
Sports
2010
Type in answers that appear in a list
Type in answers that appear in a list
Classic
Best Score? Go Orange.
Cavaliers 2010 Losses Stats
Can you name the teams that beat the cavs in 2010?
By
seife2
3m
44 Questions
14 Plays
14 Plays
14 Plays
Comments
Comments
Give Quiz Kudos
Give Quiz Kudos
-
- Ratings
hide this ad
More Info
Forced Order
Answers have to be entered in order
Answers have to be entered in order
Replay
Link that replays current quiz
Next Quiz
Link to next quiz in quiz playlist
You Got
0%
They Got
Avg Score
20%
Avg Friend Score
Upgrade to see
Score Distribution
Jump to the score distribution portion of the page
Score
0/44
Timer
03:00
0
Plays Today
Date
Team
% Correct
January 3rd
Charlotte Bobcats
64.3%
May 3rd**
Boston Celtics
42.9%
May 9th**
Boston Celtics
42.9%
May 11th**
Boston Celtics
42.9%
May 13th**
Boston Celtics
42.9%
January 14th
Utah Jazz
35.7%
January 6th
Denver Nuggets
28.6%
October 29th
Toronto Raptors
28.6%
December 2nd
Miami Heat
28.6%
February 18th
Denver Nuggets
21.4%
April 4th
Boston Celtics
21.4%
April 22nd**
Chicago Bulls
21.4%
October 7th*
Washington Wizards
21.4%
November 30th
Boston Celtics
21.4%
December 15th
Miami Heat
21.4%
December 26th
Minnesota Timberwolves
21.4%
February 19th
Charlotte Bobcats
14.3%
February 21st
Orlando Magic
14.3%
March 6th
Milwaukee Bucks
14.3%
March 26th
San Antonio Spurs
14.3%
April 8th
Chicago Bulls
14.3%
April 11th
Orlando Magic
14.3%
Date
Team
% Correct
April 9th
Indiana Pacers
14.3%
April 14th
Atlanta Hawks
14.3%
October 16th*
CSKA Moscow
14.3%
October 30th
Sacramento Kings
14.3%
November 2nd
Atlanta Hawks
14.3%
November 10th
New Jersey Nets
14.3%
November 13th
Indiana Pacers
14.3%
November 19th
New Orleans Hornets
14.3%
November 20th
San Antonio Spurs
14.3%
November 23rd
Indiana Pacers
14.3%
November 26th
Orlando Magic
14.3%
December 4th
Minnesota Timberwolves
14.3%
December 5th
Detroit Pistons
14.3%
December 7th
Philadelphia 76ers
14.3%
December 8th
Chicago Bulls
14.3%
December 11th
Houston Rockets
14.3%
December 12th
Oklahoma City Thunder
14.3%
December 17th
Indiana Pacers
14.3%
December 20th
Utah Jazz
14.3%
December 22nd
Atlanta Hawks
14.3%
December 28th
Orlando Magic
14.3%
December 29th
Charlotte Bobcats
14.3%
Quiz Playlist
Details
Report
Send in Message
Add To Playlist
More Info:
*=post season game **=preseason game
Classic:
Type in answers that appear in a list
Forced Order:
Answers have to be entered in order
Last Updated: Feb 16, 2017
Quiz Scoreboard
CHALLENGE
Sign Up to Join the Scoreboard
Show All
Scores
Hide
Comments
May contain spoilers
Recently Published
Popular People in 1961
by mucciniale
History
6m
1-10 Letter E Words III
by El_Dandy
Language
2m
One Thing in Common: World Cities II
by knightlancer
Geography
7m
More to Explore
Quiz From the Vault
Featured Blog Post
Where Did the Easter Bunny Come From?
hide this ad
You Might Also Like...
Tags
2010
beat
Cav
Cleveland Cavaliers
date
loss
score
team
Today's Top Quizzes in Sports
Browse Sports
hide this ad
Today's Top Quizzes in 2010
Browse 2010
Top Contributed Quizzes in Sports
1
Les meilleurs buteurs des matchs entre le PSG et l’OM
2
Les entraîneurs de l'OM et du PSG au 21e siècle
3
2022 World Cup Stars
4
FIFA Club World Cup Champions
5
Name the Premier League winners with different clubs
6
La finale Lions - Afrique du Sud 2021
7
Criteria MLB: Left Handed Sluggers
8
Players with Multiple 50 Home Run Seasons
9
MLB Players with Two .350 Batting Average Seasons
10
MLB Hall of Famer by Rings
Explore More
Trending Topics
Harry Potter
Disney
Crossword
Kpop
Marvel
NBA
Anime
Soccer
Pokémon
Puzzle
Country
WWE
NFL
The Office
Song
hide this ad
More By:
seife2
Quiz
Plays
Rating
Category
Featured
Created
MLB Five 150+ Hits Teammates (2000s)
2,444
4.55
Sports
Feb 20, 2011
the most home runs by three teammates
1,257
3.78
Sports
Sep 1, 2010
10 Longest Sports Contracts
1,127
3.67
Sports
Dec 18, 2010
NCAAF/ NFL chain game
1,106
1.60
Sports
Jan 16, 2011
team leaders in BA, HR, RBI, OBP, Hits
676
3.36
Sports
Sep 1, 2010
Go to Creator's Profile
Score Distribution
Quiz Creator Spotlight
seife2
Follow
Send a Message
Quizzes Created
-
Created Quiz Play Count
-
More By This Creator
Popular Quizzes Today
1
Find the US States - No Outlines Minefield
2
The Countries of the World
3
Find the Countries of Europe - No Outlines Minefield
4
Popular People in 1961
5
1-10 Letter E Words III
6
Find the US States
7
One Thing in Common: World Cities II
8
US States
More Sports Quizzes
MLB Franchise Top 10: Chicago White Sox
Quiz Lab
Trending Quizzes
Risky Map Clicking: Least Populous States A-Z
1-10 Letter F Words
1-10 Letter G Words
One Thing in Common: United Kingdom
Risky Map Clicking: Next State Alphabetically
Recently Updated
Leaping Animals
pecheneg
Reality TV Shows (A-Z)
bhenderson79
Rickey Henderson's Hall of Fame Teammates
pecheneg
Champions League XIs: Arsenal
pecheneg
Quick Pick: Celebrities in WWE's Hall of Fame
aduchscher
A-Z Keypad Blitz II
pecheneg
Multiple Oscar Actors
pecheneg
Mystery Phrase Blitz: Oscar 'Best Actors'
pecheneg
F. Scott Fitzgerald Novels
LTH
Pick 3 Villains
ddd62291
Trending Topics
Disney
Anime
Marvel
Harry Potter
Kpop
NBA
Crossword
The Office
Puzzle
Pokémon
Song
Country
Soccer
NFL
WWE
Your Account Isn't Verified!
In order to create a playlist on Sporcle, you need to verify the email address you used during registration. Go to your
Sporcle Settings
to finish the process.
Report this User
Report this user for behavior that violates our
Community Guidelines
.
Details:
Send Report
Go to the Sporcle.com Mobile Site →
Comments